| 000 | 00000nam##2200000za#4500 |
| 001 | 9.615161 |
| 003 | CaOODSP |
| 005 | 20210615101020 |
| 007 | ta |
| 008 | 150406|1999||||xxc||||| f|0| 0 eng|d |
| 022 | |a0706-6457 |
| 040 | |aCaOODSP|beng |
| 043 | |an-cn--- |
| 086 | 1 |aFs97-6/2287E |
| 110 | 1 |aCanada. |bDepartment of Fisheries and Oceans. |
| 245 | 10|aReproductive biology of the Northern Quahaug, Mercenaria mercenaria, in Prince Edward Island : |bpredicting the change in oxygen regimes / |cby T. Landry et al. |
| 260 | |aOttawa - Ontario : |bFisheries and Oceans Canada |c1999. |
| 300 | |av, 18p. : |bgraphs, references, tables ; |c28 cm. |
| 490 | 1 |aCanadian technical report of fisheries and aquatic sciences|x0706-6457|v2287 |
| 500 | |a"The present study is a first step towards having an understanding of the reproductive biology of the quahaug in PEI. The information gathered here will be used in developing enhancement strategies for natural and commercial stocks that are specific to the needs and climate of the Gulf of St. Lawrence."--Introduction. Prepared at the Department of Fisheries and Oceans, Science Branch, Diadromous Fish Division, Gulf Fisheries Management Region, P.O. Box 5030, Moncton, NB, E1C 9B6. |
| 520 | 3 |aThe present study is a first step towards having an understanding of the reproductive biology of the quahaug in PEI. The information gathered here will be used in developing enhancement strategies for natural and commercial stocks that are specific to the needs and climate of the Gulf of St. Lawrence.--Introduction |
| 546 | |aRésumé en français |
| 563 | |aSoftcover |
| 590 | |a00-13|b2000-03-31 |
| 690 | 07|aShellfish|2gcpds |
| 690 | 07|aBiology|2gcpds |
| 720 | 1 |aLandry, T. |
| 776 | 0#|tReproductive biology of the northern quahaug, Mercenaria mercenaria, in Prince Edward Island / |w(CaOODSP)9.574021 |
| 830 | #0|aCanadian technical report of fisheries and aquatic sciences,|x0706-6457|v2287|w(CaOODSP)9.514691 |